000 00257nam a22001217a 4500
008 181217b xxu||||| |||| 00| 0 eng d
041 _aeng
080 _a616.073
100 _a6
101 _aGJEN
245 _aGene Action
_cHartman, P.E
942 _2udc
_cBK
999 _c53303
_d53303